Náuka o materiáli

Salvato in:
Dettagli Bibliografici
Autori principali: Pulc, Vojtech, 1938- (Autore), Martinec, Ľubomír (Autore), Brodňan, Ladislav (Autore)
Natura: Libro
Pubblicazione: Bratislava : SVŠT v Bratislave, 1976
Soggetti:
Tags: Aggiungi Tag
Nessun Tag, puoi essere il primo ad aggiungerne!!

MARC

LEADER 00000nam a22000003a 4500
001 stu90973
005 20150617225624.7
008 041013s1976----cs----------------------d
040 |a STU  |b slo 
041 0
044 |a cs 
080 |a 620.22 
100 1 |a Pulc, Vojtech,  |d 1938-  |4 aut  |u J280  |U SjF Ústav technológií a materiálov  |T SjF Katedra materiálov a technológií  |X 3531  |U J280  |Y 52  |7 A000003531 
245 1 |a Náuka o materiáli 
260 |a Bratislava :  |b SVŠT v Bratislave,  |c 1976 
300 |a 359 s 
650 7 |a náuka o materiáli  |2 stusub 
700 1 |a Martinec, Ľubomír  |4 aut  |u M130  |U MTF Materiálovotechnologická fakulta  |T MTF Katedra materiálového inžinierstva  |U M130  |Y 481 
700 1 |a Brodňan, Ladislav  |4 aut 
996 |b 284J023297  |c J*59165  |l JJST  |s P  |a 0  |w stu90973_0001